| 000 | 00697 a2200169 4500 | ||
|---|---|---|---|
| 999 |
_c8723 _d8723 |
||
| 020 | _a9781107145030 (hardback) | ||
| 050 | 0 | 0 | _aKZ1261 COS 2017 |
| 100 | 1 |
_aCostelloe, Daniel, _eauthor. |
|
| 245 | 1 | 0 |
_aLegal consequences of peremptory norms in international law / _cDaniel Costelloe, Wilmer Cutler Pickering Hall and Dorr LLP. |
| 264 | 1 |
_aCambridge, United Kingdom ; _aNew York, NY, USA : _bCambridge University Press, _c2017. |
|
| 300 | _a322p. | ||
| 500 | _aBased on author's thesis (doctoral - University of Cambridge, 2013). | ||
| 650 | 0 | _aJus cogens (International law) | |
| 650 | 0 |
_aInternational law _xSources. |
|
| 942 |
_2lcc _cBK _h1261 _iCOS _kKZ |
||